000 01668nam2a2200241 4500
001 rc\2940854
005 20260315055743.0
035 _a(NLR Aleph) 007089669
090 _a13599686
_c13599686
100 _a20110824d1935 u y0rusy50 ca
101 0 _arus
102 _aRU
105 _aa z |||||
200 1 _aСпециально монтажная подготовка ватерных машин
_eУтв. ГУУЗ НКЛП СССР в качестве учеб. пособия для ватерных подмастеров
_fИнж. В.Д. Соболев
210 _d1935
215 _aПер., 300, [4] с.
_cил., черт.
_d22х16 см
_e[6] л. отд. сбр. черт.
461 0 _1001rc\2940851
_12001#$aМетодика подготовки подмастера ватерных машин$eУтв. ГУУЗ НКЛП СССР в качестве учеб. пособия для подмастеров ватерного цеха. Кн. 1-$fОтв. исполнитель инж. В.Д. Соболев ...$gЦентр. науч.-исслед. ин-т труда легкой пром-сти. Цитлегпром$vКн. 3
_96560921
_cМосква
_d1934-1935
_fОтв. исполнитель инж. В.Д. Соболев ...
_nГизлегпром
_oУтв. ГУУЗ НКЛП СССР в качестве учеб. пособия для подмастеров ватерного цеха. Кн. 1-
_tМетодика подготовки подмастера ватерных машин
_vКн. 3
700 1 _aСоболев
_bВ.Д.
801 0 _aRU
_bNLR
_gpsbo
801 1 _aRU
_bELAR
_2rusmarc
852 _aNLR
_j34-18/970(3)
942 _cUNSPEC
980 _aNB